[Event "BL 0607 Solinger SG - SC Bann"]
[Site "?"]
[Date "2006.10.29"]
[Round "2.8"]
[White "Zysk, Robert"]
[Black "Bunzmann, Dimitri"]
[Result "1/2-1/2"]
[WhiteElo "2468"]
[BlackElo "2530"]
[PlyCount "128"]
[EventDate "2006.??.??"]

1. Nf3 Nf6 2. c4 e6 3. d4 c5 4. d5 g6 5. dxe6 fxe6 6. g3 Bg7 7. Bg2 Qa5+ 8.
Nbd2 O-O 9. O-O Qa6 10. Qc2 Nc6 11. a3 b5 12. cxb5 Qxb5 13. Nb3 Qa4 14. Ne1 c4
15. Nd2 Qxc2 16. Nxc2 d5 17. Nxc4 Ba6 18. N4e3 Bxe2 19. Re1 Bb5 20. a4 Ba6 21.
b4 Ne5 22. b5 Bb7 23. Ba3 Rfe8 24. Rad1 Rac8 25. Nd4 Ne4 26. a5 a6 27. b6 Kf7
28. f4 Nc4 29. Bxe4 Nxa3 30. Bg2 Rc5 31. Nf3 Bc3 32. Ng5+ Kg7 33. Re2 h6 34.
Ne4 dxe4 35. Rd7+ Kh8 36. Rxb7 Bd4 37. Rd7 Nc2 38. Rxd4 Nxd4 39. Rd2 Nf5 40.
Ng4 Rc1+ 41. Kf2 h5 42. Ne3 Rc3 43. Re2 Nd4 44. Rb2 Rb3 45. Rxb3 Nxb3 46. Nc4
Rc8 47. Bf1 Nc5 48. Ke3 Kg7 49. Nd6 Rb8 50. Bc4 Rd8 51. Nxe4 Nb7 52. Bxa6 Nxa5
53. Nc5 Kf7 54. b7 Ke7 55. Bd3 Kd6 56. Ne4+ Kc7 57. Ng5 Rg8 58. Be4 Nxb7 59.
Nxe6+ Kb6 60. Bxb7 Kxb7 61. Ke4 Kc6 62. Ke5 Kd7 63. Kf6 Rc8 64. Nd4 h4 1/2-1/2

[Event "BL 0607 Werder Bremen - TV Tegernsee"]
[Site "?"]
[Date "2006.10.29"]
[Round "2.2"]
[White "Areshchenko, Alexander"]
[Black "Khenkin, Igor"]
[Result "1-0"]
[WhiteElo "2640"]
[BlackElo "2620"]
[PlyCount "46"]
[EventDate "2006.??.??"]

1. e4 c6 2. d4 d5 3. e5 c5 4. dxc5 Nc6 5. Bb5 e6 6. Be3 Nge7 7. c3 Nf5 8. Bd4
Bd7 9. Bxc6 Bxc6 10. Nf3 Nxd4 11. Qxd4 a5 12. b4 axb4 13. cxb4 b6 14. cxb6 Ra4
15. a3 Qa8 16. O-O Bxb4 17. axb4 Rxa1 18. Qc5 f6 19. Nd4 Bd7 20. exf6 gxf6 21.
Qd6 Qc8 22. Nf5 exf5 23. Qxf6 Qd8 1-0

[Event "BL 0607 Werder Bremen - TV Tegernsee"]
[Site "?"]
[Date "2006.10.29"]
[Round "2.3"]
[White "Sokolov, Andrei"]
[Black "Hracek, Zbynek"]
[Result "1/2-1/2"]
[WhiteElo "2580"]
[BlackElo "2614"]
[PlyCount "80"]
[EventDate "2006.??.??"]

1. e4 e5 2. Nf3 Nc6 3. Bb5 a6 4. Ba4 Nf6 5. O-O Bc5 6. d3 d6 7. Bxc6+ bxc6 8.
Be3 Bxe3 9. fxe3 O-O 10. Nc3 Be6 11. Qd2 c5 12. b3 Nd7 13. Rf2 c6 14. Raf1 d5
15. d4 cxd4 16. exd4 exd4 17. Nxd4 Qb6 18. exd5 cxd5 19. Nf5 Bxf5 20. Nxd5 Qc5
21. b4 Qxc2 22. Ne7+ Kh8 23. Qg5 Qc3 24. Nxf5 g6 25. Qe7 gxf5 26. Qxd7 Qxb4 27.
Qxf5 Qb6 28. h3 Ra7 29. Kh1 Re7 30. Qg5 Qd6 31. Rf6 Re6 32. Rxe6 Qxe6 33. Qf6+
Kg8 34. Qxe6 fxe6 35. Rxf8+ Kxf8 36. g3 Kf7 37. Kg2 Kf6 38. Kf3 h5 39. Ke4 a5
40. a4 e5 1/2-1/2

[Event "BL 0607 Werder Bremen - TV Tegernsee"]
[Site "?"]
[Date "2006.10.29"]
[Round "2.4"]
[White "Babula, Vlastimil"]
[Black "Ribli, Zoltan"]
[Result "1/2-1/2"]
[WhiteElo "2584"]
[BlackElo "2584"]
[PlyCount "75"]
[EventDate "2006.??.??"]

1. d4 Nf6 2. c4 e6 3. Nf3 d5 4. Nc3 dxc4 5. e4 Bb4 6. Bg5 c5 7. e5 cxd4 8. Qa4+
Nc6 9. O-O-O Bd7 10. Ne4 Be7 11. exf6 gxf6 12. Bh4 Rc8 13. Kb1 Na5 14. Qc2 e5
15. Nxd4 exd4 16. Rxd4 Qb6 17. Rd5 Be6 18. Rh5 Bg4 19. Qa4+ Nc6 20. Rb5 Qa6 21.
Qxa6 bxa6 22. Rb7 Bf5 23. f3 O-O 24. Bxc4 Na5 25. Rxe7 Nxc4 26. Bxf6 Rc6 27.
Bc3 Na3+ 28. Kc1 Rfc8 29. Ng3 Be6 30. Ne2 Nb5 31. a4 Nxc3 32. Nxc3 Rc4 33. Kb1
Rb4 34. Rc1 Bf5+ 35. Ne4 Rcb8 36. Rc2 Rxa4 37. Rxa7 Rxe4 38. fxe4 1/2-1/2

[Event "BL 0607 Werder Bremen - TV Tegernsee"]
[Site "?"]
[Date "2006.10.29"]
[Round "2.5"]
[White "Rozentalis, Eduardas"]
[Black "Nyback, Tomi"]
[Result "1/2-1/2"]
[WhiteElo "2591"]
[BlackElo "2575"]
[PlyCount "148"]
[EventDate "2006.??.??"]

1. e4 d6 2. d4 Nf6 3. Nc3 g6 4. Nf3 Bg7 5. Be2 O-O 6. O-O c6 7. a4 Nbd7 8. a5
Qc7 9. Re1 e5 10. Bf1 exd4 11. Nxd4 Re8 12. Bf4 Nh5 13. Be3 Nc5 14. f3 Bd7 15.
Qd2 b5 16. axb6 axb6 17. Rad1 Red8 18. Bg5 Bf6 19. Bxf6 Nxf6 20. Qh6 Na4 21.
Nxa4 Rxa4 22. c4 c5 23. Nc2 Ra2 24. Ne3 Be6 25. Rd2 Rda8 26. Red1 Ne8 27. f4
Qe7 28. f5 Bc8 29. Nd5 Qe5 30. f6 Nxf6 31. Nxf6+ Qxf6 32. Rxd6 Be6 33. e5 Qe7
34. Rxb6 Bg4 35. Re1 Qc7 36. Rd6 Rxb2 37. Re4 Qc8 38. e6 Bxe6 39. Rh4 Rb1 40.
Qxh7+ Kf8 41. Rd2 Qa6 42. Qh6+ Ke8 43. Re4 Rab8 44. Qh8+ Ke7 45. Qh4+ Kf8 46.
Qh8+ Ke7 47. Qe5 Qa1 48. Qxc5+ Kf6 49. Rf2+ Kg7 50. Qg5 Re1 51. Rxe1 Qxe1 52.
Qf6+ Kg8 53. Rf4 Rb1 54. Rh4 Qe3+ 55. Kh1 Rxf1+ 56. Qxf1 g5 57. Rh6 Qd4 58. Qb1
Qxc4 59. Qb8+ Bc8 60. h3 Kg7 61. Rb6 Qc3 62. Rb5 Kg6 63. Kh2 f6 64. Qd6 Qe3 65.
Rb6 Qf2 66. Rb8 Bxh3 67. Qg3 Qxg3+ 68. Kxg3 Be6 69. Rb6 Bd5 70. Kf2 Kf5 71. g3
Ke5 72. Ke3 f5 73. Rb4 Be4 74. Rb5+ Bd5 1/2-1/2

[Event "BL 0607 Werder Bremen - TV Tegernsee"]
[Site "?"]
[Date "2006.10.29"]
[Round "2.6"]
[White "Fish, Gennadij"]
[Black "Bromberger, Stefan"]
[Result "1-0"]
[WhiteElo "2529"]
[BlackElo "2505"]
[PlyCount "111"]
[EventDate "2006.??.??"]

1. e4 c5 2. Nf3 d6 3. c3 Nf6 4. Bc4 Nxe4 5. Qa4+ Nc6 6. Bxf7+ Kxf7 7. Qxe4 Qd7
8. d4 cxd4 9. cxd4 Qf5 10. Qe2 e6 11. Nc3 Be7 12. g4 Qg6 13. h4 e5 14. Qc4+ d5
15. Qxd5+ Be6 16. Qxc6 bxc6 17. Nxe5+ Kg8 18. Nxg6 hxg6 19. g5 Bb4 20. Bd2 Re8
21. Kf1 Bxc3 22. Bxc3 Bd5 23. Rh3 Re4 24. Re1 Rhxh4 25. Rxh4 Rxh4 26. Re8+ Kh7
27. b3 Bf3 28. Ke1 Re4+ 29. Rxe4 Bxe4 30. Ke2 Kg8 31. Bb4 Kf7 32. Bd6 Ke6 33.
Bb8 a6 34. Kd2 Kd5 35. Ba7 Bb1 36. Kc3 Be4 37. Kb4 Bb1 38. a3 Bc2 39. Bc5 Bd1
40. Ka5 Bxb3 41. Kxa6 Kc4 42. Kb6 Ba4 43. Kc7 Kb5 44. Bf8 Bb3 45. Bxg7 c5 46.
a4+ Kc4 47. d5 Kxd5 48. a5 Bc4 49. Kb7 Ke4 50. Kc6 Kf5 51. Kxc5 Bd3 52. Kb6
Kxg5 53. Be5 Kf5 54. Bg3 Ke6 55. a6 Kd7 56. Kb7 1-0

[Event "BL 0607 Werder Bremen - TV Tegernsee"]
[Site "?"]
[Date "2006.10.29"]
[Round "2.7"]
[White "Boensch, Uwe"]
[Black "Schandorff, Lars"]
[Result "1/2-1/2"]
[WhiteElo "2524"]
[BlackElo "2534"]
[PlyCount "34"]
[EventDate "2006.??.??"]

1. d4 d5 2. c4 e6 3. Nf3 Nf6 4. g3 Bb4+ 5. Bd2 Be7 6. Bg2 O-O 7. O-O c6 8. Qc2
Nbd7 9. Rd1 b6 10. Bf4 Bb7 11. Ne5 Rc8 12. Nc3 Nh5 13. Be3 Nhf6 14. h3 b5 15.
Nxd7 Nxd7 16. c5 a5 17. f4 f5 1/2-1/2

[Event "BL 0607 Werder Bremen - TV Tegernsee"]
[Site "?"]
[Date "2006.10.29"]
[Round "2.8"]
[White "Knaak, Rainer"]
[Black "Kindermann, Stefan"]
[Result "1/2-1/2"]
[WhiteElo "2486"]
[BlackElo "2532"]
[PlyCount "119"]
[EventDate "2006.??.??"]

1. d4 d5 2. c4 c6 3. Nf3 Nf6 4. Nc3 a6 5. a4 e6 6. Bg5 a5 7. e3 Na6 8. Bd3 Be7
9. O-O Nb4 10. Bb1 b6 11. e4 dxe4 12. Nxe4 Ba6 13. b3 Nxe4 14. Bxe7 Qxe7 15.
Bxe4 Rd8 16. Qd2 c5 17. Rad1 cxd4 18. Qb2 Bb7 19. Bxb7 Qxb7 20. Rxd4 O-O 21.
Rfd1 Qc7 22. Kf1 Na6 23. Qd2 Rxd4 24. Qxd4 Nc5 25. Qe3 Rd8 26. Ke2 f6 27. Rxd8+
Qxd8 28. Nd2 e5 29. Kd1 Qd3 30. Qxd3 Nxd3 31. Ke2 Nc5 32. Kd1 Kf7 33. Kc2 Ke6
34. Kc3 Kd6 35. f3 f5 36. Nf1 f4 37. h4 g6 38. Nh2 h5 39. Nf1 Kc6 40. Nd2 Kd6
41. Nf1 Ne6 42. Nd2 Nd4 43. Ne4+ Kc7 44. b4 Nf5 45. c5 Nxh4 46. cxb6+ Kxb6 47.
bxa5+ Kxa5 48. Kc4 Nxg2 49. Kd5 h4 50. Ng5 Kxa4 51. Kxe5 Kb4 52. Kf6 Kc4 53.
Kxg6 Kd3 54. Kh5 Ke3 55. Kg4 Ne1 56. Nh3 Nxf3 57. Nxf4 Kf2 58. Ng6 Kg2 59.
Nxh4+ Nxh4 60. Kxh4 1/2-1/2

[Event "BL 0607 Hamburger SK - SC Eppingen"]
[Site "?"]
[Date "2006.10.29"]
[Round "2.1"]
[White "Gyimesi, Zoltan"]
[Black "Gustafsson, Jan"]
[Result "1/2-1/2"]
[WhiteElo "2616"]
[BlackElo "2584"]
[PlyCount "30"]
[EventDate "2006.??.??"]

1. Nf3 d5 2. c4 c6 3. e3 Nf6 4. b3 Bg4 5. Bb2 e6 6. Be2 Nbd7 7. h3 Bh5 8. O-O
Bd6 9. Nc3 O-O 10. d4 Qe7 11. Ne5 Bxe2 12. Nxe2 Ba3 13. Bxa3 Qxa3 14. Nxd7 Nxd7
15. Qc1 Qe7 1/2-1/2

[Event "BL 0607 Hamburger SK - SC Eppingen"]
[Site "?"]
[Date "2006.10.29"]
[Round "2.2"]
[White "Ftacnik, Lubomir"]
[Black "Postny, Evgeny"]
[Result "1/2-1/2"]
[WhiteElo "2580"]
[BlackElo "2609"]
[PlyCount "35"]
[EventDate "2006.??.??"]

1. Nf3 d5 2. d4 c6 3. c4 Nf6 4. Nc3 a6 5. a4 e6 6. Bg5 Nbd7 7. Qc2 Bb4 8. e3
Qa5 9. Nd2 c5 10. Bxf6 Nxf6 11. Nb3 Qc7 12. dxc5 dxc4 13. Bxc4 O-O 14. Be2 Bxc5
15. Nxc5 Qxc5 16. O-O Bd7 17. Bf3 Bc6 18. Bxc6 1/2-1/2

[Event "BL 0607 Hamburger SK - SC Eppingen"]
[Site "?"]
[Date "2006.10.29"]
[Round "2.3"]
[White "Acs, Peter"]
[Black "Kempinski, Robert"]
[Result "1/2-1/2"]
[WhiteElo "2522"]
[BlackElo "2590"]
[PlyCount "28"]
[EventDate "2006.??.??"]

1. e4 c5 2. Nf3 d6 3. d4 cxd4 4. Nxd4 Nf6 5. Nc3 a6 6. g3 Nc6 7. Bg2 Nxd4 8.
Qxd4 e5 9. Qd3 Be7 10. Bg5 Be6 11. O-O O-O 12. Rfd1 Qb6 13. Bxf6 Bxf6 14. Nd5
Bxd5 1/2-1/2

[Event "BL 0607 Hamburger SK - SC Eppingen"]
[Site "?"]
[Date "2006.10.29"]
[Round "2.4"]
[White "Hansen, Sune Berg"]
[Black "Medvegy, Zoltan"]
[Result "1-0"]
[WhiteElo "2561"]
[BlackElo "2518"]
[PlyCount "78"]
[EventDate "2006.??.??"]

1. e4 c5 2. Nf3 Nc6 3. Bb5 g6 4. Bxc6 dxc6 5. d3 Bg7 6. h3 Nf6 7. Nc3 O-O 8.
Bf4 Nd7 9. Qd2 e5 10. Bh6 f6 11. O-O g5 12. Bxg7 Kxg7 13. Ne2 Re8 14. Ng3 Nf8
15. c3 Ng6 16. d4 cxd4 17. cxd4 Kh8 18. Qc3 Qe7 19. Rfe1 exd4 20. Nxd4 Qe5 21.
Rad1 Be6 22. Qa3 Bg8 23. Nf3 Qe7 24. Qc3 Ne5 25. Nf5 Nxf3+ 26. Qxf3 Qe5 27. Rd7
Rad8 28. Rxb7 Rb8 29. Rxa7 Rxb2 30. a3 Reb8 31. Re7 Qf4 32. Rc7 Rc2 33. Rd1 Re2
34. Rxc6 Rxe4 35. Rxf6 Ra8 36. Rd4 Rxd4 37. Nxd4 Rxa3 38. Rxf4 Kg7 39. Nf5+ Kf7
1-0

[Event "BL 0607 Hamburger SK - SC Eppingen"]
[Site "?"]
[Date "2006.10.29"]
[Round "2.5"]
[White "Rau, Hannes"]
[Black "Mueller, Karsten Dr"]
[Result "1/2-1/2"]
[WhiteElo "2422"]
[BlackElo "2500"]
[PlyCount "47"]
[EventDate "2006.??.??"]

1. d4 Nf6 2. c4 c5 3. d5 e6 4. Nc3 exd5 5. cxd5 d6 6. e4 g6 7. f4 Bg7 8. Bb5+
Nfd7 9. a4 O-O 10. Nf3 Na6 11. O-O Nb4 12. Re1 a6 13. Bf1 Re8 14. Qb3 a5 15. h3
Nb6 16. Be3 Bd7 17. Bf2 Rc8 18. Kh1 Bh6 19. Bg3 c4 20. Qd1 Rc5 21. Qd2 Rc8 22.
Qd1 Rc5 23. Qd2 Rc8 24. Qd1 1/2-1/2

[Event "BL 0607 Hamburger SK - SC Eppingen"]
[Site "?"]
[Date "2006.10.29"]
[Round "2.7"]
[White "Vogt, Lothar"]
[Black "Michaelsen, Nils"]
[Result "1-0"]
[WhiteElo "2479"]
[BlackElo "2423"]
[PlyCount "91"]
[EventDate "2006.??.??"]

1. e4 c5 2. Nf3 e6 3. d4 cxd4 4. Nxd4 Nc6 5. Nb5 d6 6. c4 a6 7. N5c3 Nf6 8. Be2
Be7 9. O-O O-O 10. Be3 b6 11. f4 Rb8 12. Na3 Bb7 13. Bf3 Ba8 14. Qe2 Nb4 15.
Rfd1 Nd7 16. Rac1 Qc8 17. Nab1 Rd8 18. a3 Nc6 19. b4 Bf8 20. Nd2 Ne7 21. Nb3
Ng6 22. g3 Nf6 23. Nd2 Qc7 24. Qf2 Rdc8 25. Na4 Nd7 26. h4 Be7 27. h5 Ngf8 28.
Kg2 Bf6 29. g4 g6 30. g5 Bg7 31. Nf1 a5 32. Ng3 axb4 33. axb4 Qa7 34. Nc3 d5
35. exd5 Qa3 36. dxe6 fxe6 37. Bxa8 Rxc4 38. Bf3 Rxc3 39. Rxc3 Qxc3 40. h6 Bh8
41. Rb1 b5 42. Ne4 Qd3 43. Rd1 Qc4 44. Qd2 Nb6 45. Qd6 Nbd7 46. Qe7 1-0

[Event "BL 0607 SF Katernberg - SF Berlin"]
[Site "?"]
[Date "2006.10.29"]
[Round "2.2"]
[White "Erenburg, Sergey"]
[Black "Polzin, Rainer"]
[Result "0-1"]
[WhiteElo "2582"]
[BlackElo "2480"]
[PlyCount "88"]
[EventDate "2006.??.??"]

1. e4 c5 2. Nf3 d6 3. d4 cxd4 4. Nxd4 Nf6 5. f3 g6 6. c4 Bg7 7. Nc3 O-O 8. Be3
Nc6 9. Nc2 Be6 10. Be2 Qa5 11. Bd2 Nd7 12. Nd5 Qd8 13. Rb1 f5 14. exf5 Bxf5 15.
O-O Nd4 16. Nde3 Nxc2 17. Nxf5 Rxf5 18. Qxc2 Qb6+ 19. Kh1 Ne5 20. f4 Nc6 21.
Bg4 Rff8 22. b3 Nd4 23. Qe4 e5 24. fxe5 dxe5 25. Be3 Qa6 26. h3 Qxa2 27. Qxb7
Rab8 28. Qd5+ Kh8 29. b4 h5 30. Bxd4 exd4 31. Bf3 Rf5 32. Qe6 Rf6 33. Qd5 Rf5
34. Qe6 Rb6 35. Qe2 Qa3 36. b5 d3 37. Qe3 Re5 38. Qf4 Qc5 39. Bd5 Rf6 40. Qd2
Rxf1+ 41. Rxf1 Qd4 42. Rd1 Re2 43. Qg5 d2 44. Rf1 Re1 0-1

[Event "BL 0607 SF Katernberg - SF Berlin"]
[Site "?"]
[Date "2006.10.29"]
[Round "2.3"]
[White "Thiede, Lars"]
[Black "Chuchelov, Vladimir"]
[Result "0-1"]
[WhiteElo "2504"]
[BlackElo "2539"]
[PlyCount "118"]
[EventDate "2006.??.??"]

1. g3 d5 2. c4 c6 3. Nf3 Nf6 4. b3 Bg4 5. Bg2 Nbd7 6. Bb2 e6 7. O-O Bd6 8. h3
Bh5 9. d3 O-O 10. Nc3 Re8 11. Rc1 Qe7 12. Rc2 Bxf3 13. Bxf3 d4 14. Nb1 e5 15.
Qc1 a5 16. e3 dxe3 17. Qxe3 Bc5 18. Qe1 Qd6 19. Qd1 Bd4 20. Ba3 Nc5 21. Kg2
Rad8 22. Qe2 Qc7 23. Nd2 Ne6 24. Be4 g6 25. Kh2 h5 26. Bg2 h4 27. Nf3 hxg3+ 28.
fxg3 Nh5 29. Qe1 Bc5 30. Bxc5 Nxc5 31. Ng5 Nxd3 32. Qe3 f5 33. Kg1 Nb4 34. Rcf2
Rd3 35. Qc1 Rxg3 36. c5 Nd3 37. Qc4+ Kh8 38. Nf7+ Kg7 39. Nd6 Rf8 40. Rf3 Rxf3
41. Rxf3 Ndf4 42. Bf1 e4 43. Qd4+ Kh7 44. Re3 Nd5 45. Re1 Qe7 46. Qf2 b6 47.
Nc4 b5 48. Nxa5 Qc7 49. b4 Nxb4 50. Nb3 Ra8 51. Ra1 Qe5 52. Qd4 Qg3+ 53. Kh1
Nd5 54. Qg1 Qf4 55. Qh2 Ng3+ 56. Kg1 Qe3+ 57. Qf2 Nxf1 58. Kxf1 Qxh3+ 59. Kg1
Ra4 0-1

[Event "BL 0607 SF Katernberg - SF Berlin"]
[Site "?"]
[Date "2006.10.29"]
[Round "2.5"]
[White "Borriss, Martin Dr"]
[Black "Firman, Nazar"]
[Result "0-1"]
[WhiteElo "2455"]
[BlackElo "2495"]
[PlyCount "64"]
[EventDate "2006.??.??"]

1. e4 e6 2. d4 d5 3. Nc3 Nc6 4. Nf3 Nf6 5. e5 Ne4 6. Bd3 Bb4 7. Bd2 Nxd2 8.
Qxd2 Bd7 9. a3 Be7 10. O-O a6 11. Ne2 Nxd4 12. Nexd4 c5 13. c3 cxd4 14. Nxd4
Bc5 15. Rad1 Rc8 16. Bb1 Qb6 17. Qg5 Qxb2 18. Qxg7 Rf8 19. Bxh7 Qxc3 20. Nf3
Bb5 21. Ng5 Bxf1 22. Rxf1 Bd6 23. Nf3 Be7 24. h4 Qc4 25. h5 Qf4 26. h6 Kd7 27.
a4 Rfd8 28. Rb1 Rc1+ 29. Rxc1 Qxc1+ 30. Kh2 Qf4+ 31. Kh3 Bf8 32. Ng1 Ra8 0-1

[Event "BL 0607 SF Katernberg - SF Berlin"]
[Site "?"]
[Date "2006.10.29"]
[Round "2.6"]
[White "Senff, Martin"]
[Black "Poldauf, Dirk"]
[Result "1-0"]
[WhiteElo "2449"]
[BlackElo "2433"]
[PlyCount "57"]
[EventDate "2006.??.??"]

1. e4 e6 2. d4 d5 3. Nc3 Bb4 4. exd5 exd5 5. Bd3 Nc6 6. a3 Bxc3+ 7. bxc3 Nf6 8.
Ne2 Na5 9. O-O O-O 10. Ng3 Qd6 11. h3 Re8 12. Qf3 Be6 13. Bf4 Qc6 14. Be5 Nd7
15. Nh5 Nxe5 16. dxe5 Kh8 17. Qg3 Rg8 18. f4 Qxc3 19. f5 Bd7 20. Rae1 Rae8 21.
Kh2 f6 22. Nf4 h6 23. exf6 Qxf6 24. Ng6+ Kh7 25. Qxc7 Rxe1 26. Rxe1 Bxf5 27.
Rf1 Rc8 28. Qxc8 Bxc8 29. Rxf6 1-0

[Event "BL 0607 SF Katernberg - SF Berlin"]
[Site "?"]
[Date "2006.10.29"]
[Round "2.8"]
[White "Souleidis, Georgios"]
[Black "Schneider, Ilja"]
[Result "1/2-1/2"]
[WhiteElo "2407"]
[BlackElo "2368"]
[PlyCount "90"]
[EventDate "2006.??.??"]

1. e4 e5 2. Nf3 d6 3. d4 exd4 4. Nxd4 Nf6 5. Nc3 Be7 6. Bf4 O-O 7. Qd2 a6 8.
O-O-O b5 9. f3 c5 10. Nf5 Bxf5 11. exf5 Nc6 12. g4 b4 13. Nd5 Nxd5 14. Qxd5 Bg5
15. Bxg5 Qxg5+ 16. Kb1 Nd4 17. Bc4 Qf4 18. Qe4 Qxe4 19. fxe4 Rfe8 20. Bd5 Rab8
21. g5 g6 22. fxg6 hxg6 23. Rdf1 Ne6 24. Rf6 Kg7 25. h4 Re7 26. Kc1 Rh8 27.
Bxe6 Rxe6 28. Rxe6 fxe6 29. Kd2 Rf8 30. Ke3 d5 31. c3 a5 32. Rd1 Rd8 33. exd5
exd5 34. Kf4 Rf8+ 35. Ke5 Rf2 36. Rxd5 Re2+ 37. Kd6 Rxb2 38. cxb4 axb4 39. Rxc5
Rd2+ 40. Ke6 Re2+ 41. Kd5 Rxa2 42. Rc7+ Kf8 43. Rb7 Ra4 44. Rb8+ Ke7 45. Rb7+
Kf8 1/2-1/2

[Event "BL 0607 SV Mülheim Nord - Bindl-Aktionä"]
[Site "?"]
[Date "2006.10.29"]
[Round "2.3"]
[White "Baklan, Vladimir"]
[Black "Golod, Vitali"]
[Result "1-0"]
[WhiteElo "2622"]
[BlackElo "2582"]
[PlyCount "179"]
[EventDate "2006.??.??"]

1. e4 e5 2. Nf3 Nc6 3. d4 exd4 4. Nxd4 Bc5 5. Be3 Qf6 6. c3 Nge7 7. Bc4 b6 8.
O-O O-O 9. Qd2 Qg6 10. f3 Rd8 11. Bd3 Ne5 12. Be2 d5 13. f4 N5c6 14. e5 Bf5 15.
Nxf5 Nxf5 16. Bxc5 bxc5 17. Na3 c4 18. Rf2 h5 19. b3 cxb3 20. axb3 Nce7 21. Nc2
a5 22. Nd4 c5 23. Nxf5 Nxf5 24. Bf3 Rab8 25. Bxd5 Kh7 26. c4 Nd4 27. Re1 Kh8
28. Qxa5 Nxb3 29. Qc7 Rf8 30. f5 Qg5 31. f6 gxf6 32. Rxf6 Rbc8 33. Qd6 Nd4 34.
Ref1 Rcd8 35. Qb6 Rb8 36. Rh6+ Kg7 37. Qf6+ Qxf6 38. Rhxf6 Rbe8 39. Rxf7+ Rxf7
40. Rxf7+ Kg6 41. Rc7 Rxe5 42. Rxc5 Kg5 43. Rc8 Re1+ 44. Kf2 Re2+ 45. Kf1 Rb2
46. Re8 h4 47. Re5+ Kf6 48. Re4 Nf5 49. Re2 Rb1+ 50. Kf2 Rc1 51. Re1 Rc3 52.
Re4 Kg5 53. Ke1 h3 54. g3 Ra3 55. Re2 Ne3 56. Be6 Kf6 57. Bxh3 Nxc4 58. Kf2 Ne5
59. Kg2 Rc3 60. Rf2+ Kg7 61. Be6 Nd3 62. Rf7+ Kg6 63. Rf1 Rc2+ 64. Kg1 Rc5 65.
h4 Re5 66. Bc4 Nc5 67. Kg2 Kg7 68. Rf7+ Kh8 69. Kf3 Re1 70. Rf8+ Kg7 71. Rg8+
Kf6 72. g4 Rc1 73. g5+ Kf5 74. Rf8+ Kg6 75. Rf4 Nd7 76. Bd3+ Kh5 77. Be2 Kg6
78. Rd4 Ne5+ 79. Kf4 Nf7 80. Bd3+ Kg7 81. Rd7 Kf8 82. g6 Nh6 83. Kg5 Ng8 84.
Rf7+ Ke8 85. Bb5+ Kd8 86. Rf8+ Ke7 87. Re8+ Kd6 88. Rxg8 Rc5+ 89. Kf6 Rxb5 90.
g7 1-0

[Event "BL 0607 SV Mülheim Nord - Bindl-Aktionä"]
[Site "?"]
[Date "2006.10.29"]
[Round "2.4"]
[White "Fridman, Daniel"]
[Black "Baramidze, David"]
[Result "0-1"]
[WhiteElo "2604"]
[BlackElo "2585"]
[PlyCount "92"]
[EventDate "2006.??.??"]

1. d4 Nf6 2. Nf3 g6 3. c4 Bg7 4. Nc3 d5 5. e3 O-O 6. cxd5 Nxd5 7. Bc4 Nb6 8.
Bb3 Nc6 9. O-O e5 10. d5 Na5 11. e4 Nbc4 12. Bc2 c5 13. a3 Nd6 14. b4 cxb4 15.
axb4 Nac4 16. Nd2 Bd7 17. Nxc4 Nxc4 18. Bd3 Qc7 19. Qb3 Rfc8 20. Bg5 b5 21.
Rfc1 Bf8 22. Rc2 h6 23. Bc1 a6 24. Nd1 a5 25. bxa5 Rxa5 26. Rxa5 Qxa5 27. Kf1
Qa1 28. Ke2 h5 29. Ne3 Nxe3 30. Rxc8 Bg4+ 31. f3 Bxc8 32. Bxe3 Qh1 33. Kf2 Qxh2
34. Qxb5 h4 35. Qe8 Qg3+ 36. Kf1 Bh3 37. Bh6 Bxg2+ 38. Ke2 Bxf3+ 39. Kf1 Bg2+
40. Ke2 Bf3+ 41. Kf1 Qg2+ 42. Ke1 Qg1+ 43. Kd2 Qf2+ 44. Kc3 Qc5+ 45. Bc4 Qd4+
46. Kb3 Bd1+ 0-1

[Event "BL 0607 SV Mülheim Nord - Bindl-Aktionä"]
[Site "?"]
[Date "2006.10.29"]
[Round "2.5"]
[White "Prusikin, Michael"]
[Black "Levin, Felix"]
[Result "1/2-1/2"]
[WhiteElo "2560"]
[BlackElo "2513"]
[PlyCount "36"]
[EventDate "2006.??.??"]

1. d4 d5 2. c4 e6 3. Nc3 Nf6 4. cxd5 Nxd5 5. e4 Nxc3 6. bxc3 c5 7. Nf3 cxd4 8.
cxd4 Bb4+ 9. Bd2 Bxd2+ 10. Qxd2 O-O 11. Bc4 Nd7 12. O-O b6 13. Rfe1 Bb7 14.
Rad1 Rc8 15. Bd3 Re8 16. Bb1 Nf8 17. Re3 Qd6 18. Qb2 Red8 1/2-1/2

[Event "BL 0607 SV Mülheim Nord - Bindl-Aktionä"]
[Site "?"]
[Date "2006.10.29"]
[Round "2.6"]
[White "Saltaev, Mihail"]
[Black "Stohl, Igor Dr"]
[Result "1/2-1/2"]
[WhiteElo "2512"]
[BlackElo "2551"]
[PlyCount "52"]
[EventDate "2006.??.??"]

1. e4 c6 2. d4 d5 3. Nd2 dxe4 4. Nxe4 Nd7 5. c3 Ngf6 6. Nxf6+ Nxf6 7. Bc4 Qc7
8. Qb3 e6 9. Nf3 Bd6 10. O-O O-O 11. Re1 b6 12. Bg5 Nd5 13. Bh4 Bb7 14. Bxd5
exd5 15. Bg3 Rae8 16. Qb4 Bxg3 17. hxg3 Bc8 18. Rxe8 Rxe8 19. Re1 Rxe1+ 20.
Nxe1 Bf5 21. Nf3 f6 22. Qa4 Kf7 23. Nh4 Be4 24. Qd1 Bf5 25. Nf3 Qe7 26. Qa4 Qd8
1/2-1/2

[Event "BL 0607 SV Mülheim Nord - Bindl-Aktionä"]
[Site "?"]
[Date "2006.10.29"]
[Round "2.7"]
[White "Bezold, Michael"]
[Black "Hausrath, Daniel"]
[Result "1/2-1/2"]
[WhiteElo "2535"]
[BlackElo "2529"]
[PlyCount "90"]
[EventDate "2006.??.??"]

1. e4 c5 2. Nf3 Nc6 3. Bb5 Nf6 4. Bxc6 dxc6 5. d3 g6 6. h3 Bg7 7. Nc3 Nd7 8.
Be3 e5 9. Qd2 Qe7 10. Bh6 f6 11. Bxg7 Qxg7 12. Qe3 b6 13. Nd2 Nf8 14. f4 exf4
15. Qxf4 Ne6 16. Qd6 Qd7 17. Qg3 Nd4 18. O-O-O O-O 19. Rhf1 Qe6 20. Kb1 b5 21.
Nf3 Bd7 22. Qf2 Nxf3 23. gxf3 Qe7 24. h4 a5 25. Rg1 a4 26. f4 b4 27. Ne2 Kh8
28. Qe3 Rg8 29. Ng3 Be6 30. Ne2 c4 31. dxc4 Bxc4 32. Nc1 Rae8 33. Rge1 c5 34.
e5 fxe5 35. fxe5 Be6 36. Nd3 c4 37. Nf4 b3 38. Rd6 bxc2+ 39. Kc1 Bf5 40. Qd4
Rg7 41. a3 c3 42. bxc3 Qb7 43. Rb6 Qe7 44. Rd6 Qb7 45. Rb6 Qe7 1/2-1/2

[Event "BL 0607 SV Mülheim Nord - Bindl-Aktionä"]
[Site "?"]
[Date "2006.10.29"]
[Round "2.8"]
[White "Schebler, Gerhard"]
[Black "Markos, Jan"]
[Result "0-1"]
[WhiteElo "2535"]
[BlackElo "2538"]
[PlyCount "60"]
[EventDate "2006.??.??"]

1. Nf3 Nf6 2. g3 d5 3. Bg2 c6 4. c4 dxc4 5. O-O Be6 6. a4 Bd5 7. Na3 Na6 8. Qc2
Nb4 9. Qc3 Ne4 10. Qxb4 a5 11. Qxb7 Nd6 12. Qxa8 Qxa8 13. b3 cxb3 14. d3 f5 15.
Bb2 e6 16. Rfc1 Be7 17. Bxg7 Rg8 18. Bb2 h5 19. Nb1 h4 20. Nbd2 f4 21. Kf1 hxg3
22. hxg3 fxg3 23. e4 Qa6 24. Ne5 Rf8 25. Bf3 Nxe4 26. Bh5+ Kd8 27. Ndf3 Nxf2
28. Ke2 Nh3 29. Nd4 Rf2+ 30. Ke1 Bb4+ 0-1

[Event "BL 06/07 SK König Tegel - TSV Bindlach"]
[Site "?"]
[Date "2006.11.18"]
[Round "?"]
[White "Navara, D."]
[Black "Rabiega, R."]
[Result "0-1"]
[WhiteElo "2660"]
[BlackElo "2506"]
[PlyCount "66"]
[EventDate "2006.??.??"]

1. e4 e5 2. Nf3 Nf6 3. Nxe5 d6 4. Nc4 Nxe4 5. Qe2 Qe7 6. Ne3 c6 7. c4 g6 8. d3
Nc5 9. Bd2 Bg7 10. Bc3 f6 11. b3 O-O 12. d4 Ne4 13. Bb2 f5 14. Na3 Re8 15.
O-O-O f4 16. Nec2 Qf8 17. Re1 Re6 18. Qf3 Ng5 19. Qd1 Ne4 20. Qf3 Ng5 21. Qd3
f3 22. Ne3 Na6 23. Nac2 Ne4 24. Ng4 Qf4+ 25. Re3 fxg2 26. Bxg2 Nxf2 27. Nxf2
Qxf2 28. Rg3 Nb4 29. Nxb4 Bh6+ 30. Kb1 Re1+ 31. Rxe1 Qxe1+ 32. Kc2 Bf5 33. Qxf5
Qd2+ 0-1

[Event "BL06/07 SK König Tegel - TSV Bindlach"]
[Site "?"]
[Date "2006.11.18"]
[Round "?"]
[White "Stern, R."]
[Black "Baklan, V."]
[Result "0-1"]
[WhiteElo "2457"]
[BlackElo "2601"]
[PlyCount "64"]
[EventDate "2006.??.??"]

1. d4 Nf6 2. c4 e6 3. Nc3 Bb4 4. Qc2 O-O 5. a3 Bxc3+ 6. Qxc3 d6 7. e3 b6 8. Ne2
Nbd7 9. Ng3 Bb7 10. f3 c5 11. dxc5 Nxc5 12. b4 Ncd7 13. Bb2 Rc8 14. Qd2 Ne5 15.
Rc1 Ba6 16. c5 Bxf1 17. Kxf1 bxc5 18. bxc5 Rc6 19. Kf2 Qc7 20. cxd6 Rxd6 21.
Bd4 Qd7 22. Qc3 Neg4+ 23. fxg4 e5 24. Bc5 Rd3 25. Qb4 Nxg4+ 26. Ke2 Rd8 27. Ne4
Rxe3+ 28. Bxe3 Qd3+ 29. Kf3 Qxe3+ 30. Kxg4 f5+ 31. Kxf5 Qf4+ 32. Ke6 Qf7+ 0-1